000
00302nam a2200097Ia 4500
008
220204s9999 xx 000 0 und d
082
_a
339.562
_b
IMP.2
245
0
_a
Import trade control policy for the year April 1969 - March 1970. V 2, 1964-72
260
_a
Delhi
_b
Ministry of Foreign trade
942
_c
BK
999
_c
43266
_d
43266